000 00626nam a2200193Ia 4500
003 GCL
008 140319s9999 xx 000 0 ara d
040 _aGCL /
_cGCL
082 0 4 _a810.8009
_bاو
100 1 _aاحمد حسن الزيات
245 1 0 _aوحى الرسالة: عضول فى الادب والنقد والسياسة والاجتماع /
_cاحمد حسن الزيات
260 _a[S.N] :
_bدار الثقافة العربية ،
_c1985
300 _a508 ص
490 _a
650 0 4 _aالادب العربى
650 0 4 _aالنقد الادبى
650 0 4 _aالمجموعات
942 _2ddc
_cBK
999 _c39242
_d39242